LIBRARY & INFORMATION CENTRE, KCAET, TAVANUR

ONLINE PUBLIC ACCESS CATALOGUE (OPAC)

Wastewater Treatment Plants: Planning, Design, and Operation (Record no. 14568)

MARC details
000 -LEADER
fixed length control field 00329nam a22001337a 4500
020 ## - INTERNATIONAL STANDARD BOOK NUMBER
ISBN 1566766885
082 ## - DEWEY DECIMAL CLASSIFICATION NUMBER
Classification number 628.43.
Item number QAS/WA
100 ## - MAIN ENTRY--AUTHOR NAME
Personal name Qasim,Syed R.
245 ## - TITLE STATEMENT
Title Wastewater Treatment Plants: Planning, Design, and Operation
250 ## - EDITION STATEMENT
Edition statement 2 nd
260 ## - PUBLICATION, DISTRIBUTION, ETC. (IMPRINT)
Place of publication New York
Name of publisher CRC Press
Year of publication 2010
300 ## - PHYSICAL DESCRIPTION
Number of Pages 1106
942 ## - ADDED ENTRY ELEMENTS (KOHA)
Koha item type Reference
Holdings
Withdrawn status Lost status Damaged status Collection code Home library Current library Shelving location Date acquired Source of acquisition Cost, normal purchase price Full call number Accession Number Koha item type
      Reference KAUAET KAUAET Reference 16/07/2016 Professional Book Centre, Kochin. 995.00 628.43. QAS/WA 24264 Reference
free website counter